00790nam a2200193 i 4500001000700000003000900007005001700016008004100033040001300074100003800087245010400125260005500229300004500284490004400329650004200373700004100415830004400456852009600500166512ES-MaACL20250905162311.0940301s1885 sp a |||| | spa d aAS bspa1 aTorres Campos, Rafael,d1853-190413aLa iglesia de Santa María en Lebeña / cpor R. Torres Campos ; con dibujos de Juan B. Lázaro. aMadrid : b[s.n.], c1885 (fImprenta de Fortanet) a53 p., [2] h. de lám. pleg. ; c19 cm.1 aMonumentos de la provincia de Santander 4aIglesia de Santa María de Lebeña.1 aLázaro, Juan Bautista, d1849-19190 aMonumentos de la provincia de Santander aES-MaACLjT-414-F-1 z-- Enc. hol., falto de la cub. original z-- Enc. en un vol. facticio